Click the Country - Eastern Europe - Statistics

General Stats
  • This quiz has been taken 1,583 times
  • The average score is 14 of 21
Answer Stats
Hint Answer % Correct
Was invaded by Russia in 2022 Ukraine
92%
Controls the historical region of Transylvania Romania
85%
Its name translates to "Black Mountain" Montenegro
83%
Its invasion sparked WWII Poland
83%
Is unrecognized by the United Nations Kosovo
81%
Its capital is Riga Latvia
81%
Is home to St. Basil's Cathedral Russia
71%
Is sometimes called the "Europe's last dictatorship" Belarus
67%
Archduke Franz Ferdinand was assassinated in this country's capital Bosnia and Herzegovina
67%
Formed a "Commonwealth" with Poland that lasted more than 2 centuries Lithuania
66%
Krk is the country's largest island Croatia
65%
Transnistria is an unrecognized state within its territory Moldova
61%
Its capital was bombed by NATO in 1999 Serbia
59%
Its capital lies less than 40 miles from Vienna Slovakia
59%
Was the first country to adopt online voting in general elections Estonia
55%
Varna is its largest coastal city Bulgaria
54%
Lake Balaton lies within this country's territory Hungary
53%
Is the richest of the former Yugoslav republics Slovenia
51%
Its currency is the Koruna Czech Republic
50%
Its second largest city is Durres Albania
47%
Mother Teresa was born in this country's capital city North Macedonia
38%
No matching quizzes found
Score Distribution
Percent of People with Each Score
Percentile by Number Answered
Your Score History
You have not taken this quiz